| 000 | 00800nas a2200241 i 4500 | ||
|---|---|---|---|
| 001 | 192 | ||
| 003 | ES-MaACL | ||
| 005 | 20250814011825.0 | ||
| 007 | t| | ||
| 008 | 950801d18952001fr | | 1 ||re d | ||
| 022 | _a0003-5017 | ||
| 080 | _a44 | ||
| 245 | 0 | 2 |
_aL'Année biologique / _cdir. Yves Delage. |
| 260 |
_aParis : _bSchleicher Fréres, _c1895-2001 ( _fFirmin Didot et Cie) |
||
| 300 |
_a23 v. ; _c25 cm. |
||
| 310 | _aAnual | ||
| 362 | 1 | _aAnnée 1-24, 1897 (1895)-1919 ; nouv. sér., t. 1-5, 1920/21-1924/25; 3. sér., t. 1-37, 1925/26-1961; 4. sér., t. 1- jan./fér. 1962-Ceased with: 5. sér., t. 40 (déc. 2001) | |
| 650 | 1 | 7 |
_aBiología _2embne _910580 |
| 700 | 1 |
_aDelage, Yves, _edir. _943294 |
|
| 852 |
_aES-MaACL _jHem-193 |
||
| 866 | 0 | _o1895-1917,1919. | |
| 999 |
_c192 _d192 |
||